First-time buyers boost market (Record no. 70722)

MARC details
000 -LEADER
fixed length control field 00842cam a2200181 4500
001 - CONTROL NUMBER
control field WB3825-18
008 - FIXED-LENGTH DATA ELEMENTS--GENERAL INFORMATION
fixed length control field 020711n2002 000 0 eng u
035 ## - SYSTEM CONTROL NUMBER
System control number (Sirsi) u118788
245 ## - TITLE STATEMENT
Title First-time buyers boost market
260 ## - PUBLICATION, DISTRIBUTION, ETC.
Date of publication, distribution, etc. 2002
490 ## - SERIES STATEMENT
Series statement Estate Agency News
Volume/sequential designation June 2002, 28(1)
520 ## - SUMMARY, ETC.
Summary, etc. Alliance and Leicester building society has recently published "Movingimproving" index, which highlights that 29% of people in their 20s intend to buy a home in next two years, whilst older people are reluctant to move. Full report available from www.alliance-leicester-group.co.uk/non-html/loader.asp?d=media&p=latest-press-releases.asp
590 ## - LOCAL NOTE (RLIN)
Local note WB
650 ## - SUBJECT ADDED ENTRY--TOPICAL TERM
Topical term or geographic name entry element ESTATE AGENTS
650 ## - SUBJECT ADDED ENTRY--TOPICAL TERM
Topical term or geographic name entry element PROPERTY-RESIDENTIAL PROPERTY-ACQUISITION AND DISPOSAL OF RESIDENTIAL PROPERTY
690 ## - LOCAL SUBJECT ADDED ENTRY--TOPICAL TERM (OCLC, RLIN)
Topical term or geographic name as entry element PROPERTY MANAGEMENT
9 (RLIN) 6262
942 ## - ADDED ENTRY ELEMENTS (KOHA)
Suppress in OPAC 0
Holdings
Withdrawn status Lost status Source of classification or shelving scheme Damaged status Not for loan Home library Current library Shelving location Date acquired Total Checkouts Full call number Barcode Date last seen Copy number Price effective from Koha item type
    Dewey Decimal Classification     London London News article 11/07/2002   WB3825-18 118788-1001 06/08/2019 1 06/08/2019 News article